000 00674nam a22002297a 4500
003 UA-OsUOA
001 88291
007 ta
008 20121003b un ||||| |||| 00| 0 ukr d
100 _aПлисецкий М.М.
090 _a82.09
_bП 37
942 _cBK
040 _aUA-OsUOA
_brus
_cUA-OsUOA
_dUA-OsUOA
245 _aВзаимосвязи русского и украинского героического эпоса
300 _a446 с.
955 _a4
041 _arus
080 _a82.09
260 _aМ.
_bАкадемия наук СССР
_c1963
650 7 _a82 Література. Літературознавство
_2UDC
999 _c374254
_d374254